| 000 | 00508 a2200169 4500 | ||
|---|---|---|---|
| 999 |
_c7477 _d7477 |
||
| 010 | _aENG-87937 | ||
| 020 |
_c345.00 _a0195691628 |
||
| 035 | _aEN-71470 | ||
| 037 | _bDBAD / PUB | ||
| 082 | 1 | 4 | _aN |
| 100 | _aHusain, Intizar | ||
| 245 | 1 |
_aBasti / _cby Intizar Husain; translated by Frances W.Pritchett |
|
| 260 |
_aNew Delhi _bOxford University Press _c2007 |
||
| 270 |
_aYMCA Library Building, Jai Singh Road _bNew Delhi _e110 001 |
||
| 300 |
_axxxviii, 254p. _c22cm (Hb) |
||
| 942 |
_adpl _cEN _2ddc _hN _mHUS |
||